00893cam a22002531 4500952014800000999001700148001000800165003000900173005001700182008004100199010001700240035001900257040002800276042001200304050001700316082001600333100004200349245004500391260004100436300004900477651005600526906004500582942001200627 00102ddc40708NFICaASLbASLcGENd2021-02-17eASB Library Collectionsl0o954.6 KHKp106004r2021-02-17 00:00:00tC-1w2021-02-17yBKzRARE c21947d219477532719BDDh-ASL20231015030051.0820922s1965 ii abc 000 0 eng  asa 66003899  a(OCoLC)8797436 aDLCcMoUdDLCdBDDh-ASL apremarc00aDS485.K2bI3 a954.6bKHK 1 aMohammed Ibrahim, Sardar,d1915-2003.14aThe Kashmir saga / cby M. Ibrahim Khan. aLahore: bRipon Print. Press,c1965. a228 p. : billus., fold. map, ports.c23 cm. 0aJammu and Kashmir (India)xPolitics and government. a7bcbccoclcrplduencipf19gy-gencatlg 2ddccBK